Flags of North America - Statistics

General Stats
  • This quiz has been taken 60 times
  • The average score is 19 of 23
Answer Stats
Picture Answer % Correct
Canada
100%
Mexico
100%
United States
100%
Cuba
91%
Jamaica
91%
Dominican Republic
87%
Panama
87%
Trinidad and Tobago
87%
Bahamas
83%
Costa Rica
83%
Honduras
83%
Belize
78%
Guatemala
78%
St. Lucia
78%
Antigua and Barbuda
74%
El Salvador
74%
Haiti
74%
Nicaragua
74%
Barbados
70%
St. Kitts and Nevis
70%
Dominica
65%
St. Vincent and the Grenadines
65%
Grenada
61%
No matching quizzes found
Score Distribution
Percent of People with Each Score
Percentile by Number Answered
Your Score History
You have not taken this quiz